000
00329nam a22001457a 4500
008
221122b ||||| |||| 00| 0 eng d
020
_a
9780736045100
041
_a
eng
080
_2
SECOND EDITION
_a
615.83
082
_a
615.83BRO
100
_a
16.2
101
_a
EGZ
245
_a
FITNESS RUNNING
_c
BROWN R
942
_2
udc
_c
BK
999
_c
59008
_d
59008